000 00766 a2200193 4500
001 130605
020 _a85-02-02020-X
040 _cLeonardo Da Vinci
041 _aPortuguês
082 _a346.01 D612c
_bD612c
100 _aDINIZ, Maria Helena
245 _aCurso de Direito Civil Brasileiro
_bteoria das Obrigações Contratuais e Extracontratuais
250 _a14.ed. v.3
260 _bSaraiva
_c1999
_aSão Paulo
300 _a610
362 _a19990000
697 _aDireito Civil
_aDireito de família
_aDireito das coisas
_aDireito da sucessão
_aLeis
_aLegislação
_aResponsabilidade Civil
_aResponsabilidade Moral
_aResponsabilidade Jurídica
_aResponsabilidade Penal
_aResponsabilidade Contratual
_aResponsabilidade Excontratual
_aBrasil
_aFIPEN
942 _cBK
999 _c130605
_d130605